zpět

Detail výsledku týmu

Jak jinak pub, Třebíč

Datum a čas kvízu

28.5 Celkem bodů Celkový počet nahraných bodů na tomto kvízu bez doplňovacích otázek.
6. Pořadí na kvízu Konečné umístění týmu na tomto kvízu.

Zaznamenané odpovědi

# Otázka Odpověď Body Výsledky
1. Ve věku 97 let nás opustil Jiř... D) stenograf 1
2. V pondělí začalo největší nábo... v Indii 1
3. V pondělí byly odhaleny nomina... Vlny 1
4. Napište název státu, z něhož p... z Pákistánu 1
5. Dva extraligové hokejové kluby... HC Dynamo Pardubice, HC Vítkovice 1
6. Který legendární řemeslník pos... Daidalos 0
7. Labyrint je specializovaný org... D 0
8. Labyrinty, spirály a podobné o... Friedensreich Hundertwasser 0
9. Která kost lebky obsahuje kost... kost spánková 0
10. Jak se jmenuje kniha, v níž vy... Labyrint světa a ráj srdce 1